Entretiens sur la musique

Uloženo v:
Podrobná bibliografie
Hlavní autor: Furtwaengler, Wilhelm (Autor)
Médium: Kniha
Jazyk:francouzština
Vydáno: París Albin Michel 1953
Témata:
Tagy: Přidat tag
Žádné tagy, Buďte první, kdo vytvoří štítek k tomuto záznamu!

MARC

LEADER 00000nam a2200000 a 4500
001 UCN3283
003 CL-VaPUC
008 010622e19530000FR |||||||||||||||||fre|d
082 0 4 |a 781.17  |b FUR  |2 21 
100 0 |a Furtwaengler, Wilhelm  |e author  |9 459781 
245 1 0 |a Entretiens sur la musique 
300 |a 159 p 
942 |c BK 
945 |d 20010622 00:00:00  |a crobeson 
260 |a París  |b Albin Michel  |c 1953 
650 0 |a Estética musical  |9 265497 
650 7 |a CRITICA MUSICAL  |2 CL-VaPUC  |9 459782 
650 0 |a Análisis musical  |9 267228 
650 7 |a ESTILO MUSICAL  |2 CL-VaPUC  |9 268832 
583 |a last modification  |c 20010622 00:00:00  |k Rodrigo Vera 
999 |c 296208  |d 296206 
952 |0 0  |1 0  |4 0  |6 781_170000000000000_FUR_1953  |7 0  |8 A  |9 349829  |a BIBEDU  |b BIBEDU  |d 2019-11-20  |i 1188054  |o 781.17 FUR 1953  |p 1188054  |r 2022-01-17  |w 2019-11-20  |y BK  |k MUS